| 000 | 00637nam a2200205Ia 4500 | ||
|---|---|---|---|
| 001 | 8135 | ||
| 003 | GE_BSU | ||
| 008 | 181216s||||||||xx |||||||||||||| ||und|| | ||
| 040 | _cGE_BSU | ||
| 245 | _aАзия и Африка сегодня. №9(674). 2013. | ||
| 245 | _bЕжемесячный научный и общественно-политический журнал | ||
| 245 | _cГл.ред.А.М. Васильев | ||
| 260 | _aМосква | ||
| 260 | _bНаука | ||
| 260 | _c2013 | ||
| 300 | _a80ст;29cм. | ||
| 653 | _aАзия и африка сегодня | ||
| 653 | _aპერიოდიკა | ||
| 942 | _cCR | ||
| 999 |
_c41468 _d41468 |
||